<?xml version="1.0" encoding="UTF-8"?>
<record
    xmlns:xsi="http://www.w3.org/2001/XMLSchema-instance"
    xsi:schemaLocation="http://www.loc.gov/MARC21/slim http://www.loc.gov/standards/marcxml/schema/MARC21slim.xsd"
    xmlns="http://www.loc.gov/MARC21/slim">

  <leader>02748nam a2200301 a 4500</leader>
  <datafield tag="999" ind1=" " ind2=" ">
    <subfield code="c">6531</subfield>
    <subfield code="d">6531</subfield>
  </datafield>
  <controlfield tag="005">20200104041610.0</controlfield>
  <controlfield tag="008">140121b2007    ck ||||| |||| 00| 0 spa d</controlfield>
  <datafield tag="040" ind1=" " ind2=" ">
    <subfield code="a">CO-BoIAVH</subfield>
    <subfield code="c">CO-BoIAVH</subfield>
  </datafield>
  <datafield tag="041" ind1=" " ind2=" ">
    <subfield code="a">spa</subfield>
  </datafield>
  <datafield tag="044" ind1=" " ind2=" ">
    <subfield code="a">ck</subfield>
  </datafield>
  <datafield tag="090" ind1=" " ind2=" ">
    <subfield code="a">IAVH</subfield>
    <subfield code="b">001052</subfield>
  </datafield>
  <datafield tag="100" ind1=" " ind2=" ">
    <subfield code="a">Zambrano L., Hernando</subfield>
  </datafield>
  <datafield tag="245" ind1=" " ind2=" ">
    <subfield code="a">Evaluaci&#xF3;n de integridad ecol&#xF3;gica, propuesta metodol&#xF3;gica. Herramienta para el an&#xE1;lisis de efectividad en el largo plazo en el &#xE1;rea del Sistema de Parques Nacionales Naturales de Colombia</subfield>
  </datafield>
  <datafield tag="260" ind1=" " ind2=" ">
    <subfield code="a">Bogot&#xE1;</subfield>
    <subfield code="b">Instituto Alexander von Humbold</subfield>
    <subfield code="b">WWF</subfield>
    <subfield code="b">UAESPNN</subfield>
    <subfield code="c">2007</subfield>
  </datafield>
  <datafield tag="300" ind1=" " ind2=" ">
    <subfield code="a">26 p.</subfield>
  </datafield>
  <datafield tag="520" ind1=" " ind2=" ">
    <subfield code="a">Como parte del proceso para evaluar la efectividad del manejo de las &#xE1;reas protegidas que conforman el Sistema de Parques Nacionales de Colombia, se puso a prueba la metodolog&#xED;a de evaluaci&#xF3;n de integridad ecol&#xF3;gica de Parrish et al. (2003) y Herrera AND Corrales (2004) en un conjunto piloto de cinco &#xE1;reas protegidas. La prueba consisti&#xF3; en un ejercicio participativo con expertos, para ajustar cada uno de los pasos metodol&#xF3;gicos de acuerdo con las condiciones particulares de los Parques Nacionales Naturales en Colombia. Se modificaron los criterios para limitar el n&#xFA;mero de objetos de conservaci&#xF3;n, incluyendo un criterio secundario relacionado con uso de biodiversidad. Se desarroll&#xF3; adem&#xE1;s una propuesta de selecci&#xF3;n y evaluaci&#xF3;n de atributos ecol&#xF3;gicos clave y un mecanismo para establecer los rangos aceptables de variaci&#xF3;n, basados en un &#xE1;rbol de decisiones que contrasta los indicadores con una l&#xED;nea de referencia. Finalmente, se ajustaron las descripciones para el &#xED;ndice de integridad ecol&#xF3;gica de acuerdo con los requerimientos de manejo de los Parques Nacionales Naturales de Colombia y se evaluaron los doce indicadores con m&#xE1;s factibilidad de medici&#xF3;n para analizar Integridad Ecol&#xF3;gica, correspondientes a objetos de conservaci&#xF3;n asociados a paisajes/ecosistemas y especies/poblaciones, tomando en cuenta sus caracter&#xED;sticas de pertinencia, credibilidad, factibilidad, claridad y utilidad comparativa. Adem&#xE1;s y como anexos van a ir las hojas metodol&#xF3;gicas, cada una con sus correspondientes autores. Este documento ser&#xE1; el cuarto cuadernillo del documento de efectividad que se p&#xFA;blico en 2005 por Parques Nacionales</subfield>
  </datafield>
  <datafield tag="650" ind1=" " ind2=" ">
    <subfield code="a">Conservaci&#xF3;n</subfield>
  </datafield>
  <datafield tag="650" ind1=" " ind2=" ">
    <subfield code="a">Biodiversidad</subfield>
  </datafield>
  <datafield tag="650" ind1=" " ind2=" ">
    <subfield code="a">Areas protegidas</subfield>
  </datafield>
  <datafield tag="650" ind1=" " ind2=" ">
    <subfield code="a">Efectividad del manejo</subfield>
  </datafield>
  <datafield tag="650" ind1=" " ind2=" ">
    <subfield code="a">Integridad ecol&#xF3;gica</subfield>
  </datafield>
  <datafield tag="650" ind1=" " ind2=" ">
    <subfield code="a">Parques nacionales naturales de Colombia</subfield>
  </datafield>
  <datafield tag="700" ind1=" " ind2=" ">
    <subfield code="a">Pardo, Marco</subfield>
  </datafield>
  <datafield tag="700" ind1=" " ind2=" ">
    <subfield code="a">Naranjo, Luis Germ&#xE1;n</subfield>
  </datafield>
  <datafield tag="856" ind1=" " ind2=" ">
    <subfield code="u">http://repository.humboldt.org.co/handle/20.500.11761/35231</subfield>
  </datafield>
  <datafield tag="942" ind1=" " ind2=" ">
    <subfield code="c">CD-ROM</subfield>
    <subfield code="2">z</subfield>
  </datafield>
  <datafield tag="945" ind1=" " ind2=" ">
    <subfield code="d">2008-09-03</subfield>
  </datafield>
  <datafield tag="952" ind1=" " ind2=" ">
    <subfield code="0">0</subfield>
    <subfield code="1">0</subfield>
    <subfield code="2">z</subfield>
    <subfield code="4">0</subfield>
    <subfield code="7">0</subfield>
    <subfield code="8">HUMBOLDT</subfield>
    <subfield code="I">INV2017</subfield>
    <subfield code="a">Bogota</subfield>
    <subfield code="b">Bogota</subfield>
    <subfield code="d">2008-09-02</subfield>
    <subfield code="l">1</subfield>
    <subfield code="o">IAVH-01052</subfield>
    <subfield code="p">http://repository.hu</subfield>
    <subfield code="r">2018-06-08 00:00:00</subfield>
    <subfield code="s">2018-06-07</subfield>
    <subfield code="t">Ej. 1</subfield>
    <subfield code="w">2012-12-04</subfield>
    <subfield code="x">Institucional</subfield>
    <subfield code="y">INFORME</subfield>
  </datafield>
</record>
